000 02227cam a2200481 4500
003 PE-LiUPU
005 20250731183441.0
008 2011 kl a
020 _a9789588675329
035 _a(Sirsi) i9789588675329
035 _a(Sirsi) 50811
035 _a(Sirsi) 50811
041 _aes
044 _aco
082 0 4 _a720
_bS75
082 0 4 _a720
_bS75 2011
100 1 _aSpinadel, Vera W. de
245 _aHerramientas matemática :
_bpara la arquitectura y el diseño /
_cVera W. de Spinadel y Hernán S. Nottoli.
264 1 _aBogotá :
_bEdiciones de la U,
_c2011
300 _a151 páginas :
_bilustraciones ;
_c24 cm.
504 _aBibliografía, p. 149 - 150
505 0 _aGeometría de las formas -- Grafos -- Teoría de la simetría -- Aplicaciones de derivadas e integrales -- Teoría de la probabilidad -- Estadística -- Topografía -- Apéndice.
526 _aP158
526 _aP146
526 _aP17
526 _aP12
526 _aP06
650 1 4 _aArquitectura
_94555
700 1 _aNottoli, Hernán Santiago II
_ecoaut.
859 _q67578
_h720
_iS75
910 _agl
_b
_cbd
_d20130617
910 _ctqv
_d20170905
942 _2ddc
_cBOOK
949 _a720 S75
_i67578
_lCCODEBUL1
_mBUL
_tLIBRO
_o.STAFF. Colección General
949 _a720 S75 2011
_wDEWEY
_c1
_iFJ08687
_lCCODEBUJ1
_mBUJ
_p16.00
_r0
_sY
_tBOOK
_u2017-09-05
_xINGENIERÍA
_PP25
_0COMPRA
_o.STAFF. Colección General Juliaca
994 _aC0
_bPEPRU
596 _a1 3
999 _a720 S75
_wDEWEY
_c55207
_i67578
_f2021-11-9
_g7
_lCCODEBUL1
_mBUL
_p16.00
_r0
_sY
_tBOOK
_u2015-7-6
_xINGENIERIA
_PP06
_0COMPRA
_o.STAFF. Colección Ingenieria y Arquitectura
_d55207
999 _a720 S75
_wDEWEY
_c2
_i69764
_d2017-3-8
_e2017-3-7
_f2021-11-9
_g7
_lCCODEBUL1
_mBUL
_n1
_p16.00
_r0
_sY
_tBOOK
_u2015-7-6
_xINGENIERIA
_PP06
_0COMPRA
_o.STAFF. Colección Ingenieria y Arquitectura
999 _a720 S75 2011
_wDEWEY
_c1
_iFJ08687
_d2019-4-29
_f2022-2-1
_g3
_lCCODEBUJ1
_mBUJ
_p16.00
_q1
_r0
_sY
_tBOOK
_u2017-9-5
_xINGENIERIA
_PP25
_0COMPRA
_o.STAFF. Colección General Juliaca
980 _81
_gALBERTO SANCHEZ Responsable de Automatización